书目信息 |
| 题名: |
现代安全管理实践指南
|
|
| 作者: | 王远声 , 郭绍帅 编著 | |
| 分册: | ||
| 出版信息: | 北京 化学工业出版社 2025.07 |
|
| 页数: | 154页 | |
| 开本: | 24cm | |
| 丛书名: | ||
| 单 册: | ||
| 中图分类: | X92-62 | |
| 科图分类: | ||
| 主题词: | 安全管理--an quan guan li--指南 | |
| 电子资源: | ||
| ISBN: | 978-7-122-46733-1 | |
| 000 | 01442nam0 2200277 450 | |
| 001 | 89324 | |
| 005 | 20250814105329.97 | |
| 010 | @a978-7-122-46733-1@dCNY58.00 | |
| 100 | @a20250710d2025 em y0chiy50 ea | |
| 101 | 0 | @achi |
| 102 | @aCN@b110000 | |
| 105 | @ay a 000yy | |
| 106 | @ar | |
| 200 | 1 | @a现代安全管理实践指南@Axian dai an quan guan li shi jian zhi nan@d= A practical guide to modern safety management@f王远声, 郭绍帅编著@zeng |
| 210 | @a北京@c化学工业出版社@d2025.07 | |
| 215 | @a154页@d24cm | |
| 314 | @a王远声, 安阳工学院副教授, 河南省人机环境与应急管理国际联合实验室负责人, 河南省职业健康协会理事, 从事煤矿不安全行为防控、人机环系统工程方面的研究, 主持完成河南省重点研发与推广专项 (科技攻关) 1项、河南省博士后启动基金1项。 | |
| 320 | @a有书目 (第151-154页) | |
| 330 | @a本书介绍了安全管理的基本概念和重要性, 讨论了安全管理的基本原则, 阐述了风险评估与管理的流程和常用方法, 强调了安全政策与安全目标的制定与执行以及组织安全管理体系的架构和要素, 在人员安全管理方面重点讨论了如何培养和提高人员的安全意识, 探讨了物理安全管理和信息安全管理的有关问题, 对生产安全管理、环境安全管理、危机管理与应急响应等方面的内容进行了阐释。 | |
| 510 | 1 | @aPractical guide to modern safety management@zeng |
| 606 | 0 | @a安全管理@Aan quan guan li@j指南 |
| 690 | @aX92-62@v5 | |
| 701 | 0 | @a王远声@Awang yuan sheng@4编著 |
| 701 | 0 | @a郭绍帅@Aguo shao shuai@4编著 |
| 801 | 0 | @aCN@c20250909 |
| 905 | @a河南城建学院图书馆@dX92-62@eW440@f1 | |
| 现代安全管理实践指南= A practical guide to modern safety management/王远声, 郭绍帅编著.-北京:化学工业出版社,2025.07 |
| 154页;24cm |
| ISBN 978-7-122-46733-1:CNY58.00 |
| 本书介绍了安全管理的基本概念和重要性, 讨论了安全管理的基本原则, 阐述了风险评估与管理的流程和常用方法, 强调了安全政策与安全目标的制定与执行以及组织安全管理体系的架构和要素, 在人员安全管理方面重点讨论了如何培养和提高人员的安全意识, 探讨了物理安全管理和信息安全管理的有关问题, 对生产安全管理、环境安全管理、危机管理与应急响应等方面的内容进行了阐释。 |
| ● |
| 相关链接 |
|
|
|
正题名:现代安全管理实践指南
索取号:X92-62/W440
 
预约/预借
| 序号 | 登录号 | 条形码 | 馆藏地/架位号 | 状态 | 备注 |
| 1 | 1623286 | 216232869 | 自科库501/501自科库 119排2列4层/ [索取号:X92-62/W440] | 在馆 |